NLSUI OPAC header image

Corporate social responsibility- an analysis of Indian corporate law (Record no. 217122)

MARC details
000 -LEADER
fixed length control field 01236nam a2200145Ia 4500
005 - DATE AND TIME OF LATEST TRANSACTION
control field 20260209120133.0
008 - FIXED-LENGTH DATA ELEMENTS--GENERAL INFORMATION
fixed length control field 260209s9999||||xx |||||||||||||| ||und||
100 ## - MAIN ENTRY--PERSONAL NAME
Personal name Pratibha Raje Parmar
245 #0 - TITLE STATEMENT
Title Corporate social responsibility- an analysis of Indian corporate law
260 ## - PUBLICATION, DISTRIBUTION, ETC.
Place of publication, distribution, etc. BangaloreBangalore
Name of publisher, distributor, etc. NLSIU
Date of publication, distribution, etc. 2014
300 ## - PHYSICAL DESCRIPTION
Extent 102 p. ; 25 cm.
505 ## - FORMATTED CONTENTS NOTE
Formatted contents note TABLE OF CONTENTS 1. ABBREVIATIONS; 2. TABLE OF CASES; 3. RESEARCH METHODOLOGY; 4. INTODUCTION; CHAPTER I; 5. Understanding Corporate Social Responsibility; CHAPTER II; 6. Evolution of Corporate Social Responsibility in India; CHAPTER III; 7. Distinction between CSR, charity, sponsorships or philanthropy. CHAPTER IV; 8. FREEMAN-FRIEDMAN Debate Over Corporate Social Responsibility; CHAPTER V; 9. CSR Scenario in India prior to Section 135; CHAPTER VI 10. Analysis of Section 135 of the Companies Act, 2013; CHAPTER VII; 11. MANDATORY V. VOLUNTARY CSR; CHAPTER VIII; 12. CONSTITUTIONALITY OF SEC. 135; CHAPTER IX; 13. Issues relating to the Implementation of Sec. 135; 14. CHAPTER X; CONCLUSION & RECOMMENDATIONS; 15. BIBLIOGRAPHY.
700 ## - ADDED ENTRY--PERSONAL NAME
Personal name Prof. (Dr.) Sairam Bhat - GuideProf. (Dr.) Sairam Bhat - Guide
856 ## - ELECTRONIC LOCATION AND ACCESS
Uniform Resource Identifier <a href="https://dans.nls.ac.in/handle/123456789/1547">https://dans.nls.ac.in/handle/123456789/1547</a>
Holdings
Withdrawn status Lost status Damaged status Not for loan Home library Current library Date acquired Total Checkouts Barcode Date last seen Price effective from Koha item type
        . . 09.02.2026   LLM487 09.02.2026 09.02.2026 Dissertation